| 000 | 00660aam a2200229 4500 | ||
|---|---|---|---|
| 005 | 20230302151058.0 | ||
| 008 | 150415b2002 xxu||||| |||| 00| 0 spa d | ||
| 041 | _aESP | ||
| 082 | _a657.42 T693c2 | ||
| 100 |
_aTorres Salinas, Aldo _970190 |
||
| 245 | _aContabilidad de costos: análisis para la toma de decisiones | ||
| 250 | _a2 edición | ||
| 260 |
_aMéxico _bMcGraw-Hill _c2002 |
||
| 300 | _a308 páginas | ||
| 650 |
_aCONTABILIDAD DE COSTOS _970191 |
||
| 650 |
_aSISTEMAS DE COSTEO _970192 |
||
| 650 |
_aCOSTEO POR ORDENES _970193 |
||
| 650 |
_aCOSTOS POR PROCESOS _970194 |
||
| 650 |
_aCOSTOS INDIFERENTES _970195 |
||
| 692 | _CDAE | ||
| 942 | _cBK | ||
| 999 |
_c4615 _d4615 |
||